| 000 | 01090nam a2200313 i 4500 | ||
|---|---|---|---|
| 001 | bg | ||
| 100 | 1 | _aTUNIA, Henryk | |
| 245 | 1 | 0 |
_aEnergoelektronika w pytaniach i odpowiedziach / _cHenryk Tunia, Bolesław Winiarski. |
| 246 | 1 | 8 | _aEnergoelektronika |
| 260 |
_aWarszawa : _bWydawnictwa Naukowo-Techniczne, _c1996. |
||
| 300 |
_a364, [2] s. : _brys., wykr. ; _c21 cm. |
||
| 490 | 1 | _aBiblioteka Fundacji Poszanowania Energii | |
| 500 | _aTyt. grzbiet : Energoelektronika. | ||
| 504 | _aBibliogr. s. [365]. | ||
| 521 | _aDla inżynierów, techników oraz słuchaczy wyższych i średnich szkół tech. o kierunku elektrotechnika i elektronika. | ||
| 650 | 9 |
_aElektroenergetyka _xurządzenia |
|
| 650 | 9 |
_aPółprzewodniki _xurządzenia |
|
| 650 | 9 | _aPrzekształtniki | |
| 655 | _aPodręczniki | ||
| 700 | 1 | _aWINIARSKI, Bolesław | |
| 830 | _aBiblioteka Fundacji Poszanowania Energii | ||
| 020 | _a832041928X | ||
| 040 | _cBPK | ||
| 041 | 0 | _apl | |
| 080 | _a621.314:621.382](07) | ||
| 920 | _a83-204-1928-X | ||
| 942 | _cKS | ||
| 008 | s pl f |000 0 pol | ||
| 999 |
_c25030 _d25030 |
||
| 856 |
_uhttp://koha.tu.koszalin.pl/cgi-bin/koha/opac-detail.pl?biblionumber=25030 _yKatalog online BPK |
||